| 000 | 00688nam a2200241 4500 | ||
|---|---|---|---|
| 003 | OSt | ||
| 005 | 20240718025947.0 | ||
| 006 | a | ||
| 008 | 240718b |||||||| |||| 00| 0 eng d | ||
| 020 | _a9710855115 | ||
| 040 |
_aDWCL-Main lib. _cOC |
||
| 082 |
_2Fourth edition _aFil. 332.4 F175m 1993 |
||
| 100 | _aFeliciano, Fajardo R. | ||
| 245 | _aMoney credit and banking / | ||
| 250 | _aFourth edition | ||
| 260 |
_aMandaluyong City: _bNational Book Store, _cc1993. |
||
| 300 |
_axi, _b394 p. ; _c21 cm. |
||
| 504 | _aIncludes bibliography. | ||
| 650 | _a1. Money. | ||
| 650 | _a2. Credit. | ||
| 650 | _a3. Banks and banking. | ||
| 942 |
_2ddc _n0 _cBK - FIL _eFourth edition _kFil. |
||
| 999 |
_c2354 _d2354 |
||